000 01754nab a2200253 i 4500
003 BR-BrBNA
005 20250512124123.0
008 250512b2017 bl.qr|pooa||| 00| 0 por |
040 _aBR-BrBNA
_bpor
072 _aF70
100 _aSenna, Luiza Ramos
100 _aLima, Carla Teixeira de
245 _aFlora das Cangas da Serra dos Carajás, Pará, Brasil: Amaranthaceae
500 _aPublicação on-line; 7 ref.; 1 illus.; Summaries (En, Pt)
520 _a Resumo Este estudo engloba as espécies de Amaranthaceae registradas para as cangas da Serra dos Carajás, no estado do Pará, trazendo descrições detalhadas, ilustração e comentários morfológicos das espécies. São registradas quatro espécies, sendo duas do gênero Alternanthera Forsk. e duas espécies do gênero Cyathula Blume, para a área de estudo. Palavras-chave: Alternanthera, Cyathula, florística. Abstract This study comprises the species of Amaranthaceae registered for the cangas of Serra dos Carajás, Pará state, including detailed descriptions, illustrations and morphological comments of the species. Four species are registered for the study area: two species of Alternanthera Fork. and two species of Cyathula Blume. Key words: Alternanthera, Cyathula, floristics.
650 _aCOMPOSIÇÃO BOTÂNICA
650 _aFLORA
650 _aCARAJÁS
650 _aTAXONOMIA
773 0 _0709
_9350025
_dRio de Janeiro-RJ Jardim Botanico do Rio de Janeiro 1935
_o2025-2634
_tRodriguésia (Brazil)
_x0370-6583; 2175-7860 on-line
_gv. 68(3 special number) p. 905-909; (2017)
_wBR2025000915
856 _uhttps://www.scielo.br/j/rod/a/hDfTdD6XY59RcHhy9HQVRqP/?format=pdf&lang=pt
942 _cANA
999 _c331424
_d331424